Alternating Current Machines / (Record no. 819)

MARC details
000 -LEADER
fixed length control field 00621nac a22001811u 4500
008 - FIXED-LENGTH DATA ELEMENTS--GENERAL INFORMATION
fixed length control field 100902s2002 ii ill |r|||| 001 0 eng d
020 ## - INTERNATIONAL STANDARD BOOK NUMBER
International Standard Book Number 8170082226
082 00 - DEWEY DECIMAL CLASSIFICATION NUMBER
Classification number 621.3133
Item number RAJ
Edition number 22
245 10 - TITLE STATEMENT
Title Alternating Current Machines /
Statement of responsibility, etc R. K. Rajput.
250 ## - EDITION STATEMENT
Edition statement 3rd ed.
260 ## - PUBLICATION, DISTRIBUTION, ETC. (IMPRINT)
Place of publication, distribution, etc New Delhi :
Name of publisher, distributor, etc Lamxi publications,
Date of publication, distribution, etc 2002.
300 ## - PHYSICAL DESCRIPTION
Extent 817 p. :
Other physical details ill. ;
Dimensions 23 cm.
504 ## - BIBLIOGRAPHY, ETC. NOTE
Bibliography, etc Includes bibliographical references and index.
650 #0 - SUBJECT ADDED ENTRY--TOPICAL TERM
Topical term or geographic name as entry element Electric machinery
General subdivision Alternating current.
9 (RLIN) 17795
650 #0 - SUBJECT ADDED ENTRY--TOPICAL TERM
Topical term or geographic name as entry element Electric motors, Alternating current.
9 (RLIN) 17797
650 #0 - SUBJECT ADDED ENTRY--TOPICAL TERM
9 (RLIN) 17796
Topical term or geographic name as entry element Electric transformers
942 ## - ADDED ENTRY ELEMENTS (KOHA)
Item type Book - Borrowing
Call number prefix 621.3133 RAJ
Source of classification or shelving scheme Dewey Decimal Classification
Holdings
Withdrawn status Item status Source of classification or shelving scheme Damaged status Not for loan Vendor Home library Current library Shelving location Date acquired Source of acquisition Cost, normal purchase price Total Checkouts Full call number Barcode Date last seen Date last borrowed Cost, replacement price Koha item type
    Dewey Decimal Classification       Central Library Central Library First floor 31/07/2006   100.00 1 621.3133 RAJ 000003738 15/07/2025 03/05/2015 125.00 Book - Borrowing